000 00682nam a22002057a 4500
005 20100803163055.0
010 _aENG-97954
020 _a9788125037484
_c345.00
035 _aEN-81487
037 _bDBAD/PUB
082 _a400
100 _aPhillipson, Robert
_95624
245 _aLinguistic imperialisnm continued /
_cby Robert Phillipson
260 _aHyderabad
_bOrient Blackswan
_c2009
270 _a3-6-752 Himayatnagar
_bHyderabad
_e500029
300 _a288p.
_c21cm (pbk)
500 _aincludes index
942 _2ddc
_cEN
_h400
_mPHI
999 _c39066
_d39066